| 000 -LEADER |
| fixed length control field |
01748nam a22001817a 4500 |
| 008 - FIXED-LENGTH DATA ELEMENTS--GENERAL INFORMATION |
| fixed length control field |
201020b 1999 ||||| |||| 00| 0 eng d |
| 020 ## - INTERNATIONAL STANDARD BOOK NUMBER |
| International Standard Book Number |
1870077504 |
| 082 ## - DEWEY DECIMAL CLASSIFICATION NUMBER |
| Classification number |
623.82 |
| Item number |
HEN |
| 100 ## - MAIN ENTRY--PERSONAL NAME |
| Personal name |
Hensen, Henk |
| 245 ## - TITLE STATEMENT |
| Title |
Ship bridge simulators : a project handbook |
| 260 ## - PUBLICATION, DISTRIBUTION, ETC. (IMPRINT) |
| Place of publication, distribution, etc |
England |
| Name of publisher, distributor, etc |
The Nautical Institute |
| Date of publication, distribution, etc |
1999 |
| 300 ## - PHYSICAL DESCRIPTION |
| Extent |
xiii,168p. |
| 504 ## - BIBLIOGRAPHY, ETC. NOTE |
| Bibliography, etc |
Part I: Pre-simulation phase: Types and use of simulators --<br/>Proposal phase --<br/>Data collection and implementation --<br/>Validation phase --<br/>Part 2: Validation and simulation: Introduction to Part 2 --<br/>Simulator ship bridge and out-of-window view --<br/>Environmental influences --<br/>Simulator input for ship manoeuvring model and related aspects --<br/>Brief description tug types and tug use --<br/>Simulator input for tug manoeuvring model and related aspects --<br/>Validation of tug manoeuvring model and related aspects --<br/>Procedures --<br/>Data recording --<br/>Data analysis --<br/>Reports --<br/>Simulation and limitations --<br/>References and annexes: Conversion table --<br/>Beaufort scale --<br/>IMO Resolution A.601 (15)--<br/>Checklists: Ship bridge checklist --<br/>Ship's out-of-window view checklist --<br/>Tug bridge checklist --<br/>Tug's out-of-window view checklist --<br/>Environmental influences checklist --<br/>Simulator input for ship manoeuvring model checklist --<br/>Validation of ship manoeuvring model checklist --<br/>Simulator input for tug manoeuvring model checklist --<br/>Validation of tug manoeuvring model checklist --<br/>Procedures checklist --<br/>Data recording checklist --<br/>Analysis methods checklist --<br/>Reports checklist. |
| 650 ## - SUBJECT ADDED ENTRY--TOPICAL TERM |
| Topical term or geographic name as entry element |
Environmental influences |
| 650 ## - SUBJECT ADDED ENTRY--TOPICAL TERM |
| Topical term or geographic name as entry element |
Validation of ship manoeuvring model ande related aspects |
| 650 ## - SUBJECT ADDED ENTRY--TOPICAL TERM |
| Topical term or geographic name as entry element |
Brief description tug types and tug use |
| 942 ## - ADDED ENTRY ELEMENTS (KOHA) |
| Item type |
Books |